000
00311nam a22001337a 4500
008
170324b xxu||||| |||| 00| 0 eng d
020
_a
9780924674686
041
_a
eng
080
_2
2ND
_a
615.82
100
_a
8
101
_a
SHM
245
_a
WAYS TO WINNING PHYSICIAN SUPPORT
_c
THOMPSON, R.E
942
_2
udc
_c
BK
999
_c
8612
_d
8612